I/Me/Myself lyrics Will Wood - Statistics

General Stats
  • This quiz has been taken 62 times
  • The average score is 408 of 498
Answer Stats
Answer % Correct
a
100%
I
100%
I,
100%
be
98%
my
98%
My
98%
could
96%
girl
96%
girl,
96%
me
96%
Me,
96%
to
96%
wish
96%
boyfriend
94%
girlfriend,
94%
in
94%
that
94%
you
94%
and
92%
And
92%
the
92%
The
92%
who
92%
your
92%
been
91%
I've
91%
myself
91%
Myself
91%
so
91%
way
91%
enough
89%
feeling
89%
lightheaded
89%
No,
89%
no
89%
No
89%
then
89%
for
87%
For
87%
of
87%
think
87%
Am
85%
am
85%
die
85%
lost
85%
on
85%
pretty
85%
Since
85%
since
85%
day
83%
fit
83%
go
83%
lie
83%
now
83%
skin
83%
what
83%
with
83%
back
81%
bones
81%
confused
81%
it
81%
side
81%
too
81%
were
81%
We're
81%
when
81%
big
79%
big,
79%
Feminine
79%
find
79%
ground
79%
little
79%
Little
79%
reason
79%
should
79%
some
79%
tea
79%
weight
79%
world
79%
You'd
79%
you'd
79%
I'm
77%
love
77%
old
77%
Take
77%
thinking
77%
But
75%
but
75%
choose
75%
cover
75%
Flower
75%
got
75%
if
75%
man
75%
petals
75%
won't
75%
at
74%
brittle
74%
died
74%
feathers
74%
fits,
74%
Just
74%
just
74%
one
74%
shoe
74%
this
74%
try
74%
until
74%
being
72%
born
72%
cross
72%
formaldehyde
72%
line
72%
tether
72%
they
72%
time
72%
body
70%
get
70%
leg
70%
pound
70%
privilege
70%
shadows
70%
stuck
70%
dressed
68%
gained
68%
It's
68%
know
68%
up
68%
While
68%
between
66%
lighthearted
66%
must
66%
show
66%
whittle
66%
wrong
66%
you're
66%
point
64%
Say
64%
alike
62%
contention
62%
early,
62%
how
62%
like
62%
You'll
62%
all
60%
All
60%
not
60%
out
60%
walking
60%
yet
60%
I'd
58%
name
58%
physics
58%
prefer
58%
slur,
58%
would
58%
brings
57%
existence
57%
isn't
57%
witness
57%
before,
55%
called
55%
fill
55%
first
55%
heard
55%
quantum
55%
void
55%
worse
55%
criteria
53%
Taxidermy
53%
let
53%
really
53%
differences
49%
fingerprints,
49%
are
47%
Don't
47%
don't
47%
Eating
47%
meet
47%
prosthetic,
47%
anesthetic
45%
become
45%
give
45%
pathetic
45%
into
43%
invalid
43%
seeing
43%
taxonomize
43%
equally
42%
identities
42%
my bones
42%
live
40%
our
40%
whole
40%
there's
38%
without
38%
acetic
36%
chance
36%
used
36%
well
34%
wirh
4%
girldfriend,
0%
No matching quizzes found
Score Distribution
Percent of People with Each Score
Percentile by Number Answered
Your Score History
You have not taken this quiz